UN Chronicle (Record no. 78424)
[ view plain ]
| 000 -LEADER | |
|---|---|
| fixed length control field | 01370nam a2200241 a 4500 |
| 008 - FIXED-LENGTH DATA ELEMENTS--GENERAL INFORMATION | |
| fixed length control field | 150806s2010 ||||||||||||||||| || u |
| 050 ## - LIBRARY OF CONGRESS CALL NUMBER | |
| Classification number | UNO(05)C/2010/4 |
| 110 ## - MAIN ENTRY--CORPORATE NAME | |
| Corporate name or jurisdiction name as entry element | United Nations Organisation (UNO) |
| 245 10 - TITLE STATEMENT | |
| Title | UN Chronicle |
| Statement of responsibility, etc. | by United Nations(UN) |
| 260 ## - PUBLICATION, DISTRIBUTION, ETC. | |
| Place of publication, distribution, etc. | New York: |
| Name of publisher, distributor, etc. | United Nations. Department of Public Information |
| Date of publication, distribution, etc. | 2010- |
| 300 ## - PHYSICAL DESCRIPTION | |
| Extent | 78p.: ill. |
| 350 ## - | |
| -- | 0.00 |
| 362 1# - | |
| -- | <p>Vol.XLVII. No.1 Empowering women progress or not?,Vol.XLVII. No.2 Achieving global health ,Vol.XLVII.No.3 What is the UN academic impact?,Vol.XLVII. No. 4 The youth issue |
| 650 ## - SUBJECT ADDED ENTRY--TOPICAL TERM | |
| Topical term or geographic name entry element | GLOBAL HEALTH |
| 650 ## - SUBJECT ADDED ENTRY--TOPICAL TERM | |
| Topical term or geographic name entry element | WOMEN EMPOWERMENT |
| 650 ## - SUBJECT ADDED ENTRY--TOPICAL TERM | |
| Topical term or geographic name entry element | UNITED NATIONS |
| 650 ## - SUBJECT ADDED ENTRY--TOPICAL TERM | |
| Topical term or geographic name entry element | EDUCATION AND DEVELOPMENT |
| 650 ## - SUBJECT ADDED ENTRY--TOPICAL TERM | |
| Topical term or geographic name entry element | HUMAN DEVELOPMENT |
| 995 ## - | |
| -- | SPECIAL COLLECTIONS |
| -- | 1937 |
| -- | CBU-MAIN LIBRARY (Kitwe) |
| -- | 0.00 |
| -- | UNO(05)C/2010/4 |
| -- | 4 |
| -- | AVAILABLE |
| -- | Aug 6, 2015 |
| -- | B1937 |
| -- | International Publications |
| 995 ## - | |
| -- | SPECIAL COLLECTIONS |
| -- | 03007389 |
| -- | CBU-MAIN LIBRARY (Kitwe) |
| -- | 0.00 |
| -- | UNO(05)C/2010/2 |
| -- | 2 |
| -- | AVAILABLE |
| -- | Aug 10, 2015 |
| -- | 03007389 |
| -- | International Publications |
| 995 ## - | |
| -- | SPECIAL COLLECTIONS |
| -- | 03007887 |
| -- | CBU-MAIN LIBRARY (Kitwe) |
| -- | 0.00 |
| -- | UNO(05)C/2010/3 |
| -- | 3 |
| -- | AVAILABLE |
| -- | Aug 10, 2015 |
| -- | 03007887 |
| -- | International Publications |
| 995 ## - | |
| -- | SPECIAL COLLECTIONS |
| -- | 03006550 |
| -- | CBU-MAIN LIBRARY (Kitwe) |
| -- | 0.00 |
| -- | UNO(05)C/2010/1 |
| -- | 1 |
| -- | AVAILABLE |
| -- | Aug 10, 2015 |
| -- | 03006550 |
| -- | International Publications |
| 999 ## - | |
| -- | 78424 |
| -- | 78424 |
| Withdrawn status | Lost status | Source of classification or shelving scheme | Damaged status | Not for loan | Permanent Location | Current Location | Shelving location | Date acquired | Total Checkouts | Full call number | Barcode | Date last seen | Copy number | Price effective from | Koha item type |
|---|---|---|---|---|---|---|---|---|---|---|---|---|---|---|---|
| CBU-MAIN LIBRARY, KITWE. | CBU-MAIN LIBRARY, KITWE. | 05/17/2023 | UNO(05)C/2010/4 | B1937 | 05/17/2023 | 1 | 05/17/2023 | SPECIAL COLLECTION | |||||||
| CBU-MAIN LIBRARY, KITWE. | CBU-MAIN LIBRARY, KITWE. | 05/17/2023 | UNO(05)C/2010/2 | 03007389 | 05/17/2023 | 2 | 05/17/2023 | SPECIAL COLLECTION | |||||||
| CBU-MAIN LIBRARY, KITWE. | CBU-MAIN LIBRARY, KITWE. | 05/17/2023 | UNO(05)C/2010/4 | 03007887 | 05/17/2023 | 3 | 05/17/2023 | SPECIAL COLLECTION | |||||||
| CBU-MAIN LIBRARY, KITWE. | CBU-MAIN LIBRARY, KITWE. | 05/17/2023 | UNO(05)C/2010/4 | 03006550 | 05/17/2023 | 4 | 05/17/2023 | SPECIAL COLLECTION |